000 00642nam a2200253Ia 4500
003 OSt
005 20221007071401.0
006 a|||||r|||| 00| 0
007 ta
008 221006b |||||||| |||| 00| 0 eng d
024 _a5,470
037 _cTextual
040 _aFLL
_cFLL
_beng
041 _2eng
_aeng
082 _aZ3:801k, K1
100 _aAtkin
_9688651
245 0 _aEncyclopaedia of court forms in civil proceedings
250 _a2nd
260 _aLondon
_bButterworths London
_c1961
300 _a274p
_ccm.
490 _vV16
942 _hZ3:801k, K1
_cTEXL
_2CC
999 _c1143208
_d1143208